Torschützenkönige in der Geschichte des TSV 1860 München - Statistiken

Allgemein
  • Dieses Quiz wurde 84 mal gespielt
    28 seit der letzten Aktualisierung
  • Das Durchschnittsergebnis liegt bei 3 aus 10
Antwortstatistiken
Tore Nationalität Spieler % Korrekt
93 Deutschland Benjamin Lauth
83%
71 Deutschland Martin Max
78%
164 Deutschland Rudolf Brunnenmeier
61%
82 Deutschland Sascha Mölders
52%
93 Deutschland Bernhard Winkler
30%
71 Deutschland Alfred Heiß
22%
75 Deutschland Hans Küppers
9%
63 Deutschland Ferdinand Keller
0%
91 Deutschland Otto Thanner
0%
68 Deutschland Wilfried Kohlars
0%
Keine übereinstimmenden Quizze gefunden
Verteilung der Resultate
Anzahl Personen mit jedem Resultat
Perzentil nach korrekt beantworteten Fragen
Ihre Resultats-Entwicklung
Sie haben dieses Quiz seit der letzten Aktualisierung nicht gespielt